000 00716nam a2200217 a 4500
001 009854
003 BD-ChCU
008 Ben
020 _a
040 _aDLC
_cDLC
_dBD-ChCU
082 0 0 _a১৮১.১৫/সর৭৫লা
100 1 _aসরকার, মোঃ সোলায়মান আলী
_b-
245 1 0 _aলালন শাহের মরমী দর্শন
_b-
250 _a***
260 _aঢাকা
_bবাংলা একাডেমী
_c১৯৯১
300 _a**
504 _aনির্ঘন্ট সম্বলিত Biblio-
650 0 _aদর্শন এবং ধর্ম
_bদর্শন এবং ধর্ম
700 1 _a-
942 _2ddc
_cBK
999 _c9854
_d9854